La boite du patissier: former des professeurs d'école en mathématiques

Furkejuvvon:
Bibliográfalaš dieđut
Váldodahkkit: Houdement, Catherine (Dahkki), Peltier, Marie-Lise (Dahkki)
Materiálatiipa: Girji
Giella:fránskkagiella
Almmustuhtton: París IREM 1992
Fáttát:
Fáddágilkorat: Lasit fáddágilkoriid
Eai fáddágilkorat, Lasit vuosttaš fáddágilkora!

MARC

LEADER 00000nam a2200000 a 4500
001 UCL2909
003 CL-VaPUC
008 031107e19920000FR |||||||||||||||||fre|d
020 |a 2862390445 
082 0 4 |a 371.12  |b HOU  |2 21 
100 0 |a Houdement, Catherine  |e author  |9 480087 
700 0 |a Peltier, Marie-Lise  |e author  |9 480088 
245 1 3 |a La boite du patissier: former des professeurs d'école en mathématiques 
300 |a 61 p 
942 |c BK 
945 |d 20031107 00:00:00  |a cmena 
260 |a París  |b IREM  |c 1992 
650 0 |a Formación profesional de profesores  |9 307493 
650 0 |a Docentes  |9 311365 
650 0 |a Matemáticas  |x Enseñanza  |9 875527 
650 0 |a Matemática  |9 260235 
583 |a last modification  |c 20031107 00:00:00  |k Rodrigo Vera 
999 |c 306076  |d 306074 
952 |0 0  |1 0  |4 0  |6 371_120000000000000_HOU_1992  |7 0  |8 A  |9 370791  |a BIBMAT  |b BIBMAT  |c E_DIDACT  |d 2019-11-21  |i 3960846  |o 371.12 HOU 1992  |p 3960846  |r 2025-01-07  |w 2019-11-21  |y BK  |k MAT